| 000 | 00542nam a2200157 a 4500 | ||
|---|---|---|---|
| 008 | 120416s1937 ||||||||||||||||| || u | ||
| 050 | _aHC 427 Taw | ||
| 100 | _aTawney, Richard Henry, 1880-1962 | ||
| 245 | 1 | 0 | _aLand and labour in China |
| 260 |
_aLondon _bAllen and Unwin _c1937 |
||
| 300 | _av, 207p. : ill. | ||
| 350 | _a0.00 | ||
| 650 | _aLAND | ||
| 650 | _aLAND ECONOMY--CHINA | ||
| 995 |
_D0.00 _FCBU-MAIN LIBRARY (Kitwe) _H1 _I0.00 _M1 _UAVAILABLE _ZMain Library Open Access Collection |
||
| 999 |
_c48769 _d48769 |
||